| Record ID | marc_records_scriblio_net/part04.dat:6360233:836 |
| Source | Scriblio |
| Download Link | /show-records/marc_records_scriblio_net/part04.dat:6360233:836?format=raw |
LEADER: 00836nam 2200229 a 4500
001 48010059
003 DLC
005 19990709065441.1
008 990114s1947 nyua 000 0 eng
010 $a 48010059
040 $aDLC$cDLC
050 00 $aNE1215.H4$bA7 1947a
051 $aNE1215.H4$bA7 1947a Copy 2$cCopy 2. Formerly owned by Bruce Rogers.
100 1 $aHeller, Helen West,$db. 1885.
245 10 $aWoodcuts, U.S.A. /$cby Helen West Heller ; with an introduction by John Taylor Arms.
260 $aNew York :$bOxford University Press,$c1947.
300 $a[43] p. :$bill. ;$c11 cm.
650 0 $aWood-engraving$xSpecimens.
650 0 $aPrinting$xSpecimens.
700 1 $aArms, John Taylor,$d1887-1953.
700 1 $aRogers, Bruce,$d1870-1957,$eformer owner.
710 2 $aPforzheimer Bruce Rogers Collection (Library of Congress)$5DLC